A veces la sombra : historia de un monstruo solitario /

Guardado en:
Autor Principal: Valentino, Esteban
Otros Autores: Lavandeira, Sandra, il.
Formato: Libro
Publicado: Buenos Aires : Alfaguara
Series:Infantil. Juvenil
Materias:
Etiquetas: Agregar Etiqueta
Sin Etiquetas, Sea el primero en etiquetar este registro!
LEADER 00803nam a22002655a 4500
001 CEM.cems011571
005 20070912184037.0
008 130507b######################000#0#####d
003 CEMS
020 |a 9505113196 
082 0 4 |a A863.4 
100 1 |a Valentino, Esteban 
245 1 0 |a A veces la sombra :  |b historia de un monstruo solitario /  |c Esteban Valentino ; ilustraciones de Sandra Lavandeira 
260 |a Buenos Aires :  |b Alfaguara 
300 |a 91 p. 
490 0 |a Infantil. Juvenil 
500 |a Desde 12 años 
653 |a Literatura 
653 |a Literatura argentina 
653 |a Literatura juvenil 
653 |a Novelas 
653 |a Novelas argentinas 
653 |a Novelas juveniles 
700 1 |a Lavandeira, Sandra, il. 
859 |a CEMS  |b BIB. CEMS - 11 de abril  |h A863.4  |i V235  |p 22516.04  |t Ej.1